| 000 | 00364cam a22001097a 4500 | ||
|---|---|---|---|
| 008 | 180718b1970 xxu||||| |||| 00| 0 eng d | ||
| 082 | _aR11206x54 In2r | ||
| 245 |
_aReport of the committee of the experts on unemployment estimates _cby Planning Commision |
||
| 260 |
_aNew Delhi _bGovernment of India _c1970 |
||
| 300 | _axi, 203p | ||
| 700 | _aIndia. Planning Commision | ||
| 999 |
_c495717 _d495717 |
||